ՀՀ Գիտությունների ազգային ակադեմիայի հիմնարար գիտական գրադարան  =   Fundamental Scientific Library of NAS RA

Հոփ-հոփ նամե : (Record no. 459935)

MARC details
000 -LEADER
fixed length control field 00873nam a2200217 a 4500
003 - CONTROL NUMBER IDENTIFIER
control field AM-YEHGA
040 ## - CATALOGING SOURCE
Original cataloging agency AM-YeHGA
090 ## - LOCALLY ASSIGNED LC-TYPE CALL NUMBER (OCLC); LOCAL CALL NUMBER (RLIN)
-- 463008
001 - CONTROL NUMBER
control field 000316980
005 - DATE AND TIME OF LATEST TRANSACTION
control field 20250618075408.0
008 - FIXED-LENGTH DATA ELEMENTS--GENERAL INFORMATION
fixed length control field 040311s1926 ai 000 | arm d
041 1# - LANGUAGE CODE
Language code of text/sound track or separate title arm
Language code of original tur
100 1# - MAIN ENTRY--PERSONAL NAME
Personal name Սաբիր, Միրզա Ա.
245 10 - TITLE STATEMENT
Title Հոփ-հոփ նամե :
Remainder of title (Բանաստեղծությունների ժողովածու) /
Statement of responsibility, etc. Սաբիր Միրզա Ալի Աքպեր Թահիր Զադե; Թուրք. հայերենի վերածեց՝ Ամեռ.
260 ## - PUBLICATION, DISTRIBUTION, ETC.
Place of publication, distribution, etc. Բագու :
Name of publisher, distributor, etc. "Բակինսկի Րաբոչի" կոոպերատիվ հրատ.,
Date of publication, distribution, etc. 1926.
300 ## - PHYSICAL DESCRIPTION
Extent 38 էջ
Other physical details 1 թ. դիմանկ. ;
Dimensions 19 սմ.
500 ## - GENERAL NOTE
General note Տողատ. ծանոթ.
650 14 - SUBJECT ADDED ENTRY--TOPICAL TERM
Topical term or geographic name entry element Ադրբեջանական գրականություն
General subdivision Պոեզիա
700 0# - ADDED ENTRY--PERSONAL NAME
Personal name Ամեռ
Relator term թարգմ.
Relationship trl
9 (RLIN) 25
942 ## - ADDED ENTRY ELEMENTS (KOHA)
Source of classification or shelving scheme Universal Decimal Classification
Koha item type Գրքեր / Books
Holdings
Withdrawn status Lost status Damaged status Not for loan Collection Home library Current library Date acquired Total checkouts Full call number Barcode Date last seen Price effective from Koha item type Public note
        Kusikian Individual Collection Fundamental Scientific Library Fundamental Scientific Library 26/03/2021   Կուս/2575 FL0638777 26/03/2021 26/03/2021 Գրքեր / Books ILL Non Circ


ՀՀ ԳԱԱ հիմնարար գիտական գրադարան
ՀՀ,Երևան 0019
Մարշալ Բաղրամյան 24/6
հեռախոս:(374-10) 52-47-50
Հետադարձ կապ

All site content, except where otherwise noted, is licensed under a
Creative Commons License